The noble scholar, jurist, historian


 His Excellency Dr. Abdul Wahhab bin Ibrahim Abu Sulaiman, may Allah have mercy on him.


 He was born in Umm Al-Qura in the year 1356 AH.

الشيخ عبد الله بن محمد القرعاوي ودعوته في جنوب المملكة العربية السعودية: (Record no. 10060)

MARC details
000 -LEADER
fixed length control field 01443ctm a2200289 i 4500
003 - CONTROL NUMBER IDENTIFIER
control field SA-RiAUC
005 - DATE AND TIME OF LATEST TRANSACTION
control field 20250718142006.0
008 - FIXED-LENGTH DATA ELEMENTS--GENERAL INFORMATION
fixed length control field 250717s1988 su f m 00000bara c
040 ## - CATALOGING SOURCE
Original cataloging agency SA-JeALM
Language of cataloging ara
Transcribing agency SA-RiAUC
Description conventions rda
082 04 - DEWEY DECIMAL CLASSIFICATION NUMBER
Classification number 922.117
090 ## - LOCALLY ASSIGNED LC-TYPE CALL NUMBER (OCLC); LOCAL CALL NUMBER (RLIN)
Classification number (OCLC) (R) ; Classification number, CALL (RLIN) (NR) 922.117
Local cutter number (OCLC) ; Book number/undivided call number, CALL (RLIN) س هـ ل
100 1# - MAIN ENTRY--PERSONAL NAME
Personal name السهلي، موسى بن حاسر بن أحمد
Relator term مؤلف.
245 12 - TITLE STATEMENT
Title الشيخ عبد الله بن محمد القرعاوي ودعوته في جنوب المملكة العربية السعودية:
Statement of responsibility, etc. تأليف موسى بن حاسر بن احمد السهلي . قدم له سماحة الشيخ عبدالعزيز بن عبدالله بن باز ، وفضيلة الشيخ محمد بن احمد الحكمي
250 ## - EDITION STATEMENT
Edition statement الطبعة الاولى.
264 #0 - PRODUCTION, PUBLICATION, DISTRIBUTION, MANUFACTURE, AND COPYRIGHT NOTICE
Place of production, publication, distribution, manufacture ( الرياض )
Name of producer, publisher, distributor, manufacturer موسى بن حاسر السهلي.
Date of production, publication, distribution, manufacture, or copyright notice 1993
300 ## - PHYSICAL DESCRIPTION
Extent 111 صفحة ؛
Dimensions 24 سم.
337 ## - MEDIA TYPE
Media type term بدون وسيط
Media type code n
Source rdamedia
338 ## - CARRIER TYPE
Carrier type term مجلد
Carrier type code nc
Source rdacarrier
600 17 - SUBJECT ADDED ENTRY--PERSONAL NAME
Personal name القرعاوي، عبد الله بن محمد بن حمد،
Dates associated with a name 1315-1389 هجري
Source of heading or term aucnm
650 #7 - SUBJECT ADDED ENTRY--TOPICAL TERM
Topical term or geographic name entry element المصلحون
Form subdivision تراجم
Source of heading or term aucsh
650 #7 - SUBJECT ADDED ENTRY--TOPICAL TERM
Topical term or geographic name entry element العلماء المسلمون
Form subdivision تراجم
Source of heading or term aucsh
650 #7 - SUBJECT ADDED ENTRY--TOPICAL TERM
Topical term or geographic name entry element الدعاة
Form subdivision تراجم
Source of heading or term aucsh
700 ## - ADDED ENTRY--PERSONAL NAME
Personal name ابن باز، عبدالعزيز بن عبدالله
Relator term مقدم.
700 ## - ADDED ENTRY--PERSONAL NAME
Personal name الحكمي، محمد بن احمد
942 ## - ADDED ENTRY ELEMENTS (KOHA)
Source of classification or shelving scheme Dewey Decimal Classification
Koha item type Books
Suppress in OPAC No
949 ## - LOCAL PROCESSING INFORMATION (OCLC)
a SA-JeALM
d 250717
u osman123
n 1
Holdings
Withdrawn status Lost status Source of classification or shelving scheme Damaged status Not for loan Home library Current library Date acquired Total checkouts Full call number Barcode Date last seen Price effective from Koha item type
    Dewey Decimal Classification     DR AbdElwahab Library DR AbdElwahab Library 07/18/2025   922.117 س هـ ل 000016376 07/18/2025 07/18/2025 Books